000 00777nam a2200229 a 4500
001 000019597
005 20200929170054.0
008 130902s1985 sp c 000 0 spa d
020 _a8434581671
040 _aDO-SdBNP
_bspa
_cBNPHU
082 _axxx
_bxxx
100 1 _aClark, Ronald
_942023
240 1 0 _aRussell and his wold
_lIngles
245 1 0 _aRussell /
_cRonald Clark; prólogo, Jesus Mosterin; traducción, Jesús A. Marinas.
260 _aBarcelona :
_bSalvat,
_c1985.
300 _a175 p. :
_bretrs. ;
_c20 cm.
490 1 _aBiblioteca Salvat de grandes biografías
_v22
504 _aBibliografía p: 175
700 1 _aMosterin, Jesus
_eprol.
_927851
700 1 _aMarinas, Jesús A.
_etrad.
_942024
830 0 _aBiblioteca Salvat de grandes biografías
_v22
_942025
999 _c19113
_d19113